舒國治精選集

資料類型: Book 圖書   書目號:51839

Leader xxxxxxxxxx
001 __ 102512/1/05
005 __ 20171212082309.260
010 0_ |a978-986-450-080-2|b平裝|d新臺幣420元
020 __ |atw|b105011789
042 __ |anbic
100 __ |a20171212d2016    km y0chiy50      e
101 0_ |achi
102 __ |atw
105 __ |ay   z   000cy
200 1_ |a舒國治精選集|f舒國治著
205 __ |a初版
210 __ |a臺北市|c九歌|d2016[民105]
215 0_ |a429面|d21公分|e舒式遊玩祕笈 1 冊
225 12 |a九歌文庫|v1235
700 _1 |a|b國治|4681 __ |a855|b8753
801 _0 |atw|bLibDipper|c20171212|gCCR
詳細館藏 1-5 筆 (共 5 筆)
索 書 號登 錄 號冊次號館別 / 館藏地流通類型狀態加入預約清單電子資源
855 / 8753 1025121  圖書館 / 一樓普通區 可外借30天 在館   
855 / 8753 1025122  圖書館 / 一樓普通區 可外借30天 在館   
855 / 8753 1025123  圖書館 / 一樓普通區 可外借30天 在館   
855 / 8753 1025124  圖書館 / 一樓普通區 可外借30天 在館   
855 / 8753 1025125  圖書館 / 一樓普通區 可外借30天 在館   

| 條列資料




目錄查詢 分類查詢 個人資料 圖書薦購 新書查詢 閉館日 排行榜 更多電子資源 Hami書城 線上資料庫 登出

From : 216.73.217.87

  本日流通累計至 23:01:34 借閱 : 1 次 續借 : 0 次 歸還 : 2 次 預約 : 0 次 電子資源 : 0 次


內湖高中圖書館  PCLIS 版本  26.5.0.12